000 00499nam a2200181Ia 4500
005 20250508160745.0
008 008 250505s9999 xx 000 0 eng d
037 _aTextual
040 _aFEDL
_beng
_cFEDL
041 _aeng
_2eng
084 _aB, AUR
_qFEDL
100 _aJoshi V C Ed.
245 0 _aSri aurobindo an interpretation
260 _aDelhi, India
_bVikas Publishing House Private Limited
_c1973
300 _a174p.
942 _cTEXL
_hB, AUR
999 _c1366438
_d1366438